Límites y alcances de la concertación y la descentralización en Costa Rica /
Uloženo v:
| Hlavní autor: | |
|---|---|
| Médium: | Text |
| Témata: | |
| Tagy: |
Přidat tag
Žádné tagy, Buďte první, kdo vytvoří štítek k tomuto záznamu!
|
MARC
| LEADER | 00000 a a2200000 04500 | ||
|---|---|---|---|
| 001 | 4191 | ||
| 003 | |||
| 040 | |||
| 090 | |a REV0229 (114) 2000 | ||
| 100 | |a Villarreal Guzmán, Olman A | ||
| 245 | |a Límites y alcances de la concertación y la descentralización en Costa Rica / |c Olman A Villarreal Guzmán | ||
| 650 | |a DESCENTRALIZACION | ||
| 650 | |a POLITICA | ||
| 773 | |g número 114; páginas 68-93 | ||
| 999 | |c 29268 |d 29268 | ||
